00311cam a22000977a 4500008004000000100002000040245006800060260003900128300001000167650003600177180718b2001 xxu||||| |||| 00| 0 eng d aKhanna, Santosh a21vi sati main manav adhikar dasha aur dishacby Santosh Khanna aDelhibVidhi Bharti Parishadc2001 a187p. aPolitical science - human right